[Event "Wch U18"]
[Site "Florianopolis"]
[Date "2024.11.07"]
[Round "9"]
[White "Chen, Yuan1"]
[Black "Kocsmar, Akos"]
[Result "1-0"]
[WhiteElo "2355"]
[BlackElo "2196"]
[PlyCount "59"]
[EventDate "2024.10.29"]
[EventType "swiss"]
[EventRounds "11"]
[EventCountry "BRA"]
[SourceTitle "CB45_2024"]
[Source "ChessBase"]
[SourceDate "2024.11.06"]
[SourceVersion "1"]
[SourceVersionDate "2024.11.06"]
[SourceQuality "1"]

1. d4 Nf6 2. Nf3 e6 3. c4 b6 4. g3 Bb7 5. Bg2 Be7 6. 0-0 0-0 7. d5 exd5 8. Nh4 c6 9. cxd5 Nxd5 10. Nf5 Nc7 11. e4 d5 12. Nc3 Bf6 13. Bf4 Nba6 14. Nd6 Bc8 15. exd5 Bxc3 16. bxc3 Nxd5 17. Be5 Nc5 18. c4 Ne7 19. Re1 Ng6 20. Bc3 Qc7 21. Ne8 Qd7 22. Nxg7 f5 23. Nh5 Qxd1 24. Raxd1 Bb7 25. Nf6+ Kf7 26. Nxh7 Rfd8 27. h4 Ne6 28. Bf3 Ngf8 29. Bh5+ Kg8 30. Nxf8 1-0

[Event "Wch U18"]
[Site "Florianopolis"]
[Date "2024.11.05"]
[Round "7"]
[White "Christodoulou, Panormitis"]
[Black "Kocsmar, Akos"]
[Result "0-1"]
[WhiteElo "2048"]
[BlackElo "2196"]
[PlyCount "108"]
[EventDate "2024.10.29"]
[EventType "swiss"]
[EventRounds "11"]
[EventCountry "BRA"]
[SourceTitle "CB45_2024"]
[Source "ChessBase"]
[SourceDate "2024.11.06"]
[SourceVersion "1"]
[SourceVersionDate "2024.11.06"]
[SourceQuality "1"]

1. e4 c5 2. Nf3 e6 3. g3 Nc6 4. Bg2 Nf6 5. Nc3 a6 6. 0-0 Qc7 7. Re1 d6 8. d4 cxd4 9. Nxd4 Bd7 10. a4 Be7 11. Nxc6 Bxc6 12. Be3 0-0 13. a5 Rac8 14. Bb6 Qd7 15. Qd4 Bd8 16. Rad1 Bxb6 17. Qxb6 e5 18. Rd2 Rfd8 19. Red1 Ne8 20. h4 Qc7 21. Qb4 Rb8 22. Na4 Bxa4 23. Qxa4 Kf8 24. Bf1 Nf6 25. Rd3 Ke7 26. Rc3 Qd7 27. Qb4 Rbc8 28. Rcd3 Rc6 29. c3 Qc7 30. R3d2 Rc5 31. Ra1 h6 32. f3 g5 33. hxg5 hxg5 34. Rh2 Rg8 35. g4 Nd7 36. Rh6 Nb8 37. Rd1 Rd8 38. Qb3 Nc6 39. Qc2 Nd4 40. Qf2 Ne6 41. Qh2 Rxa5 42. Rxe6+ Kxe6 43. Qh7 Kd7 44. Qf5+ Kc6 45. Qxg5 Qb6+ 46. Kg2 Qxb2+ 47. Rd2 Qb6 48. Bc4 Ra1 49. Rf2 Rd7 50. Bd5+ Kc7 51. Qf6 Qb1 52. Kg3 Qe1 53. Bxf7 Rd1 54. f4 Rd2 0-1

[Event "Wch U18"]
[Site "Florianopolis"]
[Date "2024.11.02"]
[Round "5"]
[White "Khripachenko, Alexander"]
[Black "Kocsmar, Akos"]
[Result "1-0"]
[WhiteElo "2407"]
[BlackElo "2196"]
[PlyCount "57"]
[EventDate "2024.10.29"]
[EventType "swiss"]
[EventRounds "11"]
[EventCountry "BRA"]
[SourceTitle "CB45_2024"]
[Source "ChessBase"]
[SourceDate "2024.11.06"]
[SourceVersion "1"]
[SourceVersionDate "2024.11.06"]
[SourceQuality "1"]

1. e4 c5 2. Nf3 d6 3. d4 cxd4 4. Nxd4 Nf6 5. Nc3 Nc6 6. Bg5 e6 7. Qd2 a6 8. 0-0-0 Bd7 9. f3 Nxd4 10. Qxd4 Be7 11. Kb1 Qc7 12. h4 b5 13. Qd2 h6 14. Be3 h5 15. Bg5 b4 16. Ne2 a5 17. c4 bxc3 18. Nxc3 Qb7 19. a4 Rd8 20. Nb5 0-0 21. Bd3 Bc6 22. Rc1 Rd7 23. Qxa5 Ra8 24. Qc3 Rc8 25. Nd4 Rdc7 26. Nxc6 Rxc6 27. Qd2 Rxc1+ 28. Rxc1 Rb8 29. Bb5 1-0

[Event "EU-ch U18"]
[Site "Prague"]
[Date "2024.08.30"]
[Round "8"]
[White "Kocsmar, Akos"]
[Black "Babula, Vlastimil1"]
[Result "1/2-1/2"]
[WhiteElo "2187"]
[BlackElo "2326"]
[PlyCount "84"]
[EventDate "2024.08.22"]
[EventType "swiss"]
[EventRounds "9"]
[EventCountry "CZE"]
[SourceTitle "CBM 221 Extra"]
[Source "ChessBase"]
[SourceDate "2024.09.30"]
[SourceVersion "1"]
[SourceVersionDate "2024.09.30"]
[SourceQuality "1"]

1. d4 Nf6 2. c4 g6 3. Nc3 d5 4. Nf3 Bg7 5. h4 dxc4 6. e4 c5 7. d5 0-0 8. Bxc4 Bg4 9. Qc2 Nbd7 10. Nh2 Ne5 11. Nxg4 Nxc4 12. Nxf6+ Bxf6 13. h5 Qd7 14. Qd3 Ne5 15. Qh3 Qxh3 16. Rxh3 c4 17. Ke2 Nd3 18. Rb1 Rfc8 19. Nd1 b5 20. Bd2 a5 21. b3 Nc5 22. hxg6 fxg6 23. bxc4 bxc4 24. Bc3 Nxe4 25. Bxf6 exf6 26. Rb7 h5 27. Nc3 Nd6 28. Rb6 Rd8 29. Re3 Rab8 30. Rxb8 Rxb8 31. Re6 Rb2+ 32. Kd1 Nf5 33. Ne4 c3 34. Nxc3 Rxf2 35. d6 Nd4 36. Re8+ Kf7 37. d7 Nc6 38. Ne4 Rf4 39. Nd6+ Kg7 40. Re7+ Kf8 41. Re8+ Kg7 42. Re7+ Kf8 1/2-1/2

[Event "EU-ch U18"]
[Site "Prague"]
[Date "2024.08.29"]
[Round "7"]
[White "Kocsmar, Akos"]
[Black "Bokhnak, Timofey"]
[Result "1/2-1/2"]
[WhiteElo "2187"]
[BlackElo "2273"]
[PlyCount "88"]
[EventDate "2024.08.22"]
[EventType "swiss"]
[EventRounds "9"]
[EventCountry "CZE"]
[SourceTitle "CBM 221 Extra"]
[Source "ChessBase"]
[SourceDate "2024.09.30"]
[SourceVersion "1"]
[SourceVersionDate "2024.09.30"]
[SourceQuality "1"]

1. d4 Nf6 2. c4 e6 3. Nf3 d5 4. Nc3 c6 5. e3 Nbd7 6. Qc2 Bd6 7. Bd3 0-0 8. 0-0 dxc4 9. Bxc4 b5 10. Be2 Bb7 11. e4 e5 12. dxe5 Nxe5 13. Nh4 g6 14. f4 Bc5+ 15. Kh1 Neg4 16. g3 Ne3 17. Bxe3 Bxe3 18. Bf3 Qb6 19. e5 Nd5 20. Ng2 Bd4 21. Nxd5 cxd5 22. Rad1 Rad8 23. b4 Rc8 24. Qd3 Rc4 25. a3 Rd8 26. Rfe1 Qc7 27. e6 fxe6 28. Rxe6 Bc8 29. Ree1 Qf7 30. Ne3 Bxe3 31. Qxe3 d4 32. Qe7 Rd7 33. Qe8+ Kg7 34. Qe5+ Qf6 35. Qxb5 Rc3 36. Kg2 d3 37. Re8 Rc2+ 38. Kf1 Qd4 39. Qe5+ Qxe5 40. Rxe5 Rxh2 41. Bg2 d2 42. Kg1 Rh5 43. Rxh5 gxh5 44. Bf1 h4 1/2-1/2

[Event "EU-ch U18 rapid"]
[Site "Prague"]
[Date "2024.08.18"]
[Round "7"]
[White "Kocsmar, Akos"]
[Black "Karolczuk, Iwo"]
[Result "0-1"]
[WhiteElo "2187"]
[BlackElo "2356"]
[PlyCount "54"]
[EventDate "2024.08.17"]
[EventType "swiss (rapid)"]
[EventRounds "9"]
[EventCountry "CZE"]
[SourceTitle "CBM 221 Extra"]
[Source "ChessBase"]
[SourceDate "2024.09.30"]
[SourceVersion "1"]
[SourceVersionDate "2024.09.30"]
[SourceQuality "1"]

1. d4 Nf6 2. c4 e6 3. Nf3 d5 4. Nc3 Bb4 5. Qa4+ Nc6 6. e3 0-0 7. Bd2 Re8 8. Qc2 dxc4 9. Bxc4 Bd6 10. 0-0 e5 11. dxe5 Nxe5 12. Nxe5 Bxe5 13. f4 Bd6 14. Rae1 Be6 15. Bd3 h6 16. b3 a6 17. Ne2 c5 18. Ng3 b5 19. e4 c4 20. Be2 Rc8 21. b4 c3 22. Be3 Bxb4 23. Rd1 Qe7 24. e5 Nd5 25. Bd4 Bc5 26. Qc1 c2 27. Rd2 Bxd4+ 0-1

[Event "Pula op 36th"]
[Site "Pula"]
[Date "2024.06.24"]
[Round "9"]
[White "Karlusic, Luka"]
[Black "Kocsmar, Akos"]
[Result "1-0"]
[WhiteElo "2254"]
[BlackElo "2152"]
[PlyCount "63"]
[EventDate "2024.06.16"]
[EventType "swiss"]
[EventRounds "9"]
[EventCountry "CRO"]
[SourceTitle "CBM 220 Extra"]
[Source "ChessBase"]
[SourceDate "2024.07.31"]
[SourceVersion "1"]
[SourceVersionDate "2024.07.31"]
[SourceQuality "1"]

1. d4 d5 2. c4 dxc4 3. Nf3 Nf6 4. e3 e6 5. Bxc4 c5 6. 0-0 Nc6 7. Qe2 cxd4 8. Rd1 Be7 9. exd4 0-0 10. Nc3 Nb4 11. Bg5 Nfd5 12. Bxe7 Nxe7 13. Ne5 b6 14. Qh5 Nbd5 15. Nxd5 Nxd5 16. Nc6 Qf6 17. Qe5 Qxe5 18. dxe5 Nf4 19. Ne7+ Kh8 20. Rd4 g5 21. h4 h6 22. g3 Nh5 23. hxg5 hxg5 24. Be2 Ng7 25. Bf3 Rb8 26. Nc6 Rb7 27. g4 Rc7 28. Rad1 Bb7 29. Rd8 Kg8 30. Rxf8+ Kxf8 31. Nd4 Ke7 32. Bxb7 1-0

[Event "Pula op 36th"]
[Site "Pula"]
[Date "2024.06.20"]
[Round "5"]
[White "Rogic, Davor"]
[Black "Kocsmar, Akos"]
[Result "1-0"]
[WhiteElo "2402"]
[BlackElo "2152"]
[PlyCount "55"]
[EventDate "2024.06.16"]
[EventType "swiss"]
[EventRounds "9"]
[EventCountry "CRO"]
[SourceTitle "CBM 220 Extra"]
[Source "ChessBase"]
[SourceDate "2024.07.31"]
[SourceVersion "1"]
[SourceVersionDate "2024.07.31"]
[SourceQuality "1"]

1. e4 e5 2. Nf3 Nc6 3. Bb5 Nf6 4. 0-0 Nxe4 5. Re1 Nd6 6. Nxe5 Be7 7. Bf1 Nxe5 8. Rxe5 0-0 9. d4 Bf6 10. Re1 Re8 11. d5 b6 12. Rxe8+ Qxe8 13. a4 Bb7 14. c4 Qe5 15. a5 Re8 16. Nc3 c6 17. axb6 axb6 18. Ra7 Ra8 19. Rxa8+ Bxa8 20. Qa4 Qe8 21. Qb4 Nc8 22. c5 Qd8 23. Ne4 cxd5 24. Nxf6+ Qxf6 25. Be3 bxc5 26. Bxc5 Qc6 27. Qa5 h6 28. Qe1 1-0

[Event "HUN-ch U20"]
[Site "Szolnok"]
[Date "2024.04.02"]
[Round "2"]
[White "Kocsmar, Akos"]
[Black "Jankovics, Emod"]
[Result "1-0"]
[WhiteElo "2029"]
[BlackElo "1699"]
[PlyCount "42"]
[EventDate "2024.03.31"]
[EventType "swiss"]
[EventRounds "9"]
[EventCountry "HUN"]
[SourceTitle "CBM 219 Extra"]
[Source "ChessBase"]
[SourceDate "2024.05.31"]
[SourceVersion "1"]
[SourceVersionDate "2024.05.31"]
[SourceQuality "1"]

1. d4 Nf6 2. c4 g6 3. Nc3 Bg7 4. e4 d6 5. Be2 e5 6. d5 Nbd7 7. Be3 Nc5 8. f3 a5 9. Qd2 h6 10. 0-0-0 b6 11. g4 h5 12. g5 Nfd7 13. h4 Ba6 14. Nh3 Qe7 15. Kb1 0-0 16. Qc2 Rab8 17. b3 Rb7 18. a3 b5 19. cxb5 Rfb8 20. bxa6 Rxb3+ 21. Ka2 Rb2+ 1-0

[Event "Sitges Sunway op 10th"]
[Site "Sitges"]
[Date "2023.12.15"]
[Round "4"]
[White "Kocsmar, Akos"]
[Black "Haldorsen, Benjamin"]
[Result "1/2-1/2"]
[WhiteElo "2115"]
[BlackElo "2445"]
[PlyCount "205"]
[EventDate "2023.12.12"]
[EventType "swiss"]
[EventRounds "10"]
[EventCountry "ESP"]
[SourceTitle "EXT 2025"]
[Source "ChessBase"]
[SourceDate "2024.10.14"]
[SourceVersion "1"]
[SourceVersionDate "2024.10.14"]
[SourceQuality "1"]

1. d4 d5 2. c4 e6 3. Nc3 a6 4. cxd5 exd5 5. Nf3 Nf6 6. Bg5 Be6 7. e3 Bd6 8. Bd3 Nbd7 9. 0-0 c6 10. Bh4 0-0 11. Qc2 h6 12. Bg3 Qe7 13. Rac1 Rfc8 14. Rfd1 Bg4 15. Bxd6 Qxd6 16. Be2 Qe6 17. Nd2 Bxe2 18. Nxe2 Ne8 19. Nf4 Qf6 20. Nd3 Nd6 21. Nc5 Qe7 22. Nxd7 Qxd7 23. Qd3 Re8 24. Rc2 Re7 25. Rdc1 Rae8 26. Nf3 Re6 27. Ne5 Qe7 28. Qd1 g6 29. Qf3 Kg7 30. Nd3 Rf6 31. Qg4 h5 32. Qd1 Rh8 33. Nf4 Nf5 34. Rc3 Nd6 35. R3c2 Ne4 36. h4 Rd6 37. g3 Rdd8 38. Qf3 Rh6 39. Kf1 Qd7 40. Qg2 Rhh8 41. Qh3 Qe7 42. Qg2 Qb4 43. Kg1 Rde8 44. Qf3 Qe7 45. Kg2 Rh6 46. Rh1 Ra8 47. Nd3 Rhh8 48. Qf4 f6 49. Qf3 Nd6 50. Nf4 Qf7 51. Nd3 Rae8 52. Qf4 Qe7 53. Qf3 g5 54. Nc5 Kg6 55. Nd3 g4 56. Nf4+ Kh6 57. Qe2 Qe4+ 58. Kh2 Nf5 59. Qd3 Qxd3 60. Nxd3 Nd6 61. Rhc1 Re7 62. Nf4 Ra8 63. Kg1 a5 64. Kf1 Ra6 65. Ke2 Rb6 66. Nd3 Ne4 67. Kd1 Re8 68. Re2 f5 69. Rcc2 Kg7 70. Kc1 Kf7 71. Kb1 Ke7 72. Nf4 Nf6 73. Re1 Kd6 74. Rec1 Ra6 75. Nd3 Raa8 76. Nc5 Re7 77. Nd3 Rae8 78. Rd1 b6 79. Nf4 Rd7 80. Rcd2 a4 81. Rc2 Ra8 82. Rdc1 Rc7 83. Rd1 a3 84. b3 Rd8 85. b4 Ra8 86. Rd3 c5 87. dxc5+ bxc5 88. Rxc5 Rxc5 89. bxc5+ Kxc5 90. Kc2 Ra4 91. Kb3 Ra8 92. Rc3+ Kd6 93. Nd3 Ne4 94. Rc2 d4 95. exd4 Kd5 96. Nf4+ Kxd4 97. Rc4+ Ke5 98. Nd3+ Kd5 99. Nf4+ Ke5 100. Nd3+ Kd5 101. Nf4+ Ke5 102. Nd3+ Kd5 103. Nf4+ 1/2-1/2

[Event "Sitges Sunway op 10th"]
[Site "Sitges"]
[Date "2023.12.12"]
[Round "1"]
[White "Dominguez Perez, Leinier"]
[Black "Kocsmar, Akos"]
[Result "1-0"]
[WhiteElo "2745"]
[BlackElo "2115"]
[PlyCount "35"]
[EventDate "2023.12.12"]
[EventType "swiss"]
[EventRounds "10"]
[EventCountry "ESP"]
[SourceTitle "CBM 217 Extra"]
[Source "ChessBase"]
[SourceDate "2024.01.31"]
[SourceVersion "1"]
[SourceVersionDate "2024.01.31"]
[SourceQuality "1"]

1. e4 c6 2. d4 d5 3. e5 Bf5 4. Nf3 e6 5. Be2 c5 6. Be3 Qb6 7. Nc3 Nc6 8. 0-0 Qxb2 9. Qe1 c4 10. Rb1 Qxc2 11. Rxb7 0-0-0 12. Rb5 Bb4 13. Rxb4 Nxb4 14. Qa1 Nxa2 15. Nxa2 Qxe2 16. Nb4 Rd7 17. Re1 Qxe1+ 18. Nxe1 1-0

[Event "HUN-ch U20"]
[Site "Budapest"]
[Date "2023.02.20"]
[Round "1"]
[White "Kocsmar, Akos"]
[Black "Pribelszky, Bence Daniel"]
[Result "0-1"]
[WhiteElo "2107"]
[BlackElo "2386"]
[PlyCount "90"]
[EventDate "2023.02.20"]
[EventType "swiss"]
[EventRounds "7"]
[EventCountry "HUN"]
[SourceTitle "CBM 212 Extra"]
[Source "ChessBase"]
[SourceDate "2023.03.31"]
[SourceVersion "1"]
[SourceVersionDate "2023.03.31"]
[SourceQuality "1"]

1. d4 Nf6 2. c4 e6 3. Nf3 b6 4. a3 Bb7 5. Nc3 d5 6. cxd5 exd5 7. Bg5 Be7 8. Qa4+ c6 9. e3 0-0 10. Bd3 c5 11. Rd1 h6 12. Bh4 Nbd7 13. 0-0 a6 14. Bb1 b5 15. Qc2 c4 16. Ne5 Re8 17. Nxd7 Qxd7 18. Bxf6 Bxf6 19. Qh7+ Kf8 20. Rfe1 Ke7 21. e4 Rh8 22. exd5+ Kd6 23. Ne4+ Kc7 24. d6+ Kb6 25. Nxf6 gxf6 26. Qf5 Qxd6 27. Be4 Rhe8 28. f3 Rad8 29. Qh7 Bc8 30. Rf1 f5 31. Bb1 Qg6 32. Qxg6+ fxg6 33. Kf2 Rd6 34. Rd2 Red8 35. Rfd1 a5 36. Bc2 b4 37. axb4 axb4 38. Ba4 Ba6 39. Ke3 g5 40. g3 c3 41. bxc3 bxc3 42. Rb1+ Ka7 43. Ra2 Rxd4 44. Bc2 Rd2 45. f4 Re2+ 0-1

[Event "HUN-chT1 Maroczy 2223"]
[Site "Hungary"]
[Date "2023.02.19"]
[Round "6.8"]
[White "Szilagyi, Norbert"]
[Black "Kocsmar, Akos"]
[Result "1/2-1/2"]
[WhiteElo "2128"]
[BlackElo "2107"]
[PlyCount "56"]
[EventDate "2022.11.20"]
[EventType "team-tourn"]
[EventRounds "9"]
[EventCountry "HUN"]
[SourceTitle "EXT 2025"]
[Source "ChessBase"]
[SourceDate "2024.10.14"]
[SourceVersion "1"]
[SourceVersionDate "2024.10.14"]
[SourceQuality "1"]
[WhiteTeam "Debrecen Sakkiskola"]
[BlackTeam "Maroczy"]
[WhiteTeamCountry "HUN"]
[BlackTeamCountry "HUN"]

1. e4 c6 2. d4 d5 3. Nd2 dxe4 4. Nxe4 Nf6 5. Nxf6+ exf6 6. Bc4 Bd6 7. Be3 0-0 8. Qd2 Nd7 9. Bb3 a5 10. c3 Re8 11. Ne2 f5 12. 0-0 Qc7 13. Bf4 a4 14. Bc4 b5 15. Bxd6 Qxd6 16. Bd3 Nb6 17. b3 Be6 18. Nf4 axb3 19. Nxe6 Qxe6 20. axb3 Qxb3 21. Bxf5 g6 22. Bg4 Qc4 23. Rxa8 Rxa8 24. Rc1 Re8 25. g3 Qd5 26. Qd3 Nc4 27. Bf3 Qd6 28. Bg2 Re6 1/2-1/2

[Event "EU-ch U16 30th"]
[Site "Antalya"]
[Date "2022.11.09"]
[Round "4"]
[White "Kocsmar, Akos"]
[Black "Ohanyan, Emin"]
[Result "1/2-1/2"]
[WhiteElo "2090"]
[BlackElo "2377"]
[PlyCount "81"]
[EventDate "2022.11.06"]
[EventType "swiss"]
[EventRounds "9"]
[EventCountry "TUR"]
[SourceTitle "EXT 2024"]
[Source "ChessBase"]
[SourceDate "2023.10.10"]
[SourceVersion "1"]
[SourceVersionDate "2023.10.10"]
[SourceQuality "1"]

1. d4 Nf6 2. c4 e6 3. Nf3 d5 4. g3 dxc4 5. Bg2 c6 6. Ne5 Bb4+ 7. Nc3 Nd5 8. Bd2 b5 9. Ne4 a5 10. 0-0 f6 11. Nf3 0-0 12. Qc2 Nd7 13. Rfd1 Qe7 14. a3 Bxd2 15. Nexd2 Bb7 16. e4 N5b6 17. b3 c5 18. bxc4 b4 19. axb4 axb4 20. d5 e5 21. Nb3 Qd6 22. Bh3 Bc8 23. Be6+ Kh8 24. Nh4 g6 25. Qd2 Kg7 26. Rxa8 Nxa8 27. Qe2 Ndb6 28. Qg4 Kh8 29. Qh3 Bxe6 30. Qxe6 Nxc4 31. Rc1 Qxe6 32. dxe6 Na3 33. Nxc5 Re8 34. f4 Nc7 35. f5 g5 36. Nf3 Ncb5 37. Rd1 Nc4 38. Rb1 Rc8 39. Nd3 Nc3 40. Rxb4 Nxe4 41. Nf2 1/2-1/2

[Event "HUN-chT U18"]
[Site "Budapest"]
[Date "2022.11.03"]
[Round "7.1"]
[White "Kocsmar, Akos"]
[Black "Pasztor, Balazs"]
[Result "0-1"]
[WhiteElo "2102"]
[BlackElo "2344"]
[PlyCount "80"]
[EventDate "2022.10.31"]
[EventType "team-swiss"]
[EventRounds "7"]
[EventCountry "HUN"]
[SourceTitle "CBM 211 Extra"]
[Source "ChessBase"]
[SourceDate "2023.01.31"]
[SourceVersion "1"]
[SourceVersionDate "2023.01.31"]
[SourceQuality "1"]
[WhiteTeam "Maroczy"]
[BlackTeam "Geniusz Tata"]
[WhiteTeamCountry "HUN"]
[BlackTeamCountry "HUN"]

1. d4 Nf6 2. c4 e6 3. Nf3 Bb4+ 4. Bd2 Qe7 5. a3 Bxd2+ 6. Nbxd2 d6 7. e4 e5 8. Qc2 a5 9. d5 0-0 10. Rc1 Na6 11. Be2 Bd7 12. b3 c6 13. 0-0 Rfc8 14. Qb1 Be8 15. b4 axb4 16. axb4 c5 17. b5 Nb4 18. Bd1 Ra3 19. Ne1 Rca8 20. Bb3 Qd8 21. Nc2 Nxc2 22. Qxc2 Bd7 23. Qb2 Nh5 24. Ra1 R3a5 25. Bc2 Bh3 26. Rxa5 Rxa5 27. Nf3 Bg4 28. Bd1 Nf4 29. Qc3 Qa8 30. g3 Ra3 31. Qb2 Rxf3 32. Bxf3 Bxf3 33. gxf4 Qc8 34. Ra1 h5 35. f5 Bxe4 36. Ra3 Qxf5 37. Qd2 Bf3 38. Rxf3 Qxf3 39. Qa5 Qg4+ 40. Kh1 h4 0-1

[Event "Styrian op U14/18 28th"]
[Site "Mureck"]
[Date "2022.08.07"]
[Round "5"]
[White "Sohn, Benedikt"]
[Black "Kocsmar, Akos"]
[Result "0-1"]
[WhiteElo "1557"]
[BlackElo "2061"]
[PlyCount "72"]
[EventDate "2022.08.03"]
[EventType "swiss"]
[EventRounds "9"]
[EventCountry "AUT"]
[SourceTitle "EXT 2023"]
[Source "ChessBase"]
[SourceDate "2022.10.05"]
[SourceVersion "1"]
[SourceVersionDate "2022.10.05"]
[SourceQuality "1"]

1. d4 d5 2. c4 e6 3. Nf3 c6 4. Nc3 dxc4 5. a4 Bb4 6. e3 b5 7. g3 Nf6 8. Bg2 Bb7 9. 0-0 a6 10. Ne5 Qb6 11. Ne4 Nbd7 12. b3 Nxe5 13. dxe5 Nxe4 14. Bxe4 Bc3 15. Rb1 cxb3 16. Qxb3 Bxe5 17. Ba3 0-0-0 18. Rfc1 Bd6 19. axb5 axb5 20. Bb2 Rd7 21. Bxg7 Rg8 22. Qc3 c5 23. Bxh7 Qc6 24. e4 Re8 25. Be5 Bf8 26. Qa5 Ba6 27. Ra1 Kb7 28. Bf6 Qb6 29. Qa2 b4 30. Rd1 Rxd1+ 31. Rxd1 Bb5 32. e5 Bc6 33. Bg8 b3 34. Qb2 Ra8 35. Bxf7 Ra2 36. Qc3 c4 0-1

[Event "HUN-chT2 Toth 2122"]
[Site "Hungary"]
[Date "2022.02.13"]
[Round "6.3"]
[White "Csikos, Mihaly"]
[Black "Kocsmar, Akos"]
[Result "1/2-1/2"]
[WhiteElo "2005"]
[BlackElo "2020"]
[PlyCount "38"]
[EventDate "2021.10.10"]
[EventType "team-tourn"]
[EventRounds "9"]
[EventCountry "HUN"]
[SourceTitle "EXT 2025"]
[Source "ChessBase"]
[SourceDate "2024.10.14"]
[SourceVersion "1"]
[SourceVersionDate "2024.10.14"]
[SourceQuality "1"]
[WhiteTeam "Mako Duocor II"]
[BlackTeam "Maroczy II"]
[WhiteTeamCountry "HUN"]
[BlackTeamCountry "HUN"]

1. d4 d5 2. Nf3 e6 3. e3 c6 4. Bd3 f5 5. Ne5 Nf6 6. b3 Bd6 7. 0-0 Qe7 8. a4 0-0 9. Ba3 b6 10. Bxd6 Qxd6 11. Nd2 Nbd7 12. Ndf3 Bb7 13. Qe2 Qc7 14. Rac1 Nxe5 15. Nxe5 Nd7 16. Nxd7 Qxd7 17. Ba6 Rac8 18. Bxb7 Qxb7 19. c4 Rf7 1/2-1/2

[Event "HUN-chT2 Toth 2122"]
[Site "Hungary"]
[Date "2022.01.30"]
[Round "5.4"]
[White "Kemeny, Csaba"]
[Black "Kocsmar, Akos"]
[Result "1/2-1/2"]
[WhiteElo "2037"]
[BlackElo "2014"]
[PlyCount "62"]
[EventDate "2021.10.10"]
[EventType "team-tourn"]
[EventRounds "9"]
[EventCountry "HUN"]
[SourceTitle "EXT 2025"]
[Source "ChessBase"]
[SourceDate "2024.10.14"]
[SourceVersion "1"]
[SourceVersionDate "2024.10.14"]
[SourceQuality "1"]
[WhiteTeam "Felegyhaza Csongrad"]
[BlackTeam "Maroczy II"]
[WhiteTeamCountry "HUN"]
[BlackTeamCountry "HUN"]

1. d4 Nf6 2. f4 g6 3. Nf3 Bg7 4. e3 0-0 5. Bd3 c5 6. 0-0 d6 7. Qe2 cxd4 8. exd4 Bf5 9. c3 Nc6 10. Nbd2 Re8 11. Ne4 e6 12. Bd2 Nxe4 13. Bxe4 Qb6 14. Kh1 Bxe4 15. Qxe4 Qxb2 16. Rfb1 Qa3 17. Rxb7 Na5 18. Rb5 d5 19. Qc2 Nc4 20. Rab1 Qf8 21. Bc1 Reb8 22. Qb3 Rxb5 23. Qxb5 Qc8 24. Qb7 Nd6 25. Qxc8+ Rxc8 26. Bd2 Ne4 27. Be1 Bf8 28. Ne5 f6 29. Nd3 Bd6 30. g3 Rb8 31. Rb3 Kf7 1/2-1/2

[Event "HUN-chT2 Toth 2122"]
[Site "Hungary"]
[Date "2021.12.05"]
[Round "3.2"]
[White "Horvath, Jozsef2"]
[Black "Kocsmar, Akos"]
[Result "1-0"]
[WhiteElo "2078"]
[BlackElo "2029"]
[PlyCount "161"]
[EventDate "2021.10.10"]
[EventType "team-tourn"]
[EventRounds "9"]
[EventCountry "HUN"]
[SourceTitle "EXT 2025"]
[Source "ChessBase"]
[SourceDate "2024.10.14"]
[SourceVersion "1"]
[SourceVersionDate "2024.10.14"]
[SourceQuality "1"]
[WhiteTeam "Kecskemet Takisz"]
[BlackTeam "Maroczy II"]
[WhiteTeamCountry "HUN"]
[BlackTeamCountry "HUN"]

1. c4 e5 2. Nc3 Nf6 3. g3 d5 4. cxd5 Nxd5 5. Bg2 Nb6 6. Nf3 Nc6 7. 0-0 Be7 8. d3 0-0 9. a3 Be6 10. Be3 a5 11. Rc1 f6 12. Bxb6 cxb6 13. Nd2 Rf7 14. Nc4 Bf8 15. Qb3 Ra6 16. Qa4 Nd4 17. e3 b5 18. Qd1 bxc4 19. exd4 exd4 20. dxc4 Bxc4 21. Re1 f5 22. Nb1 Be6 23. Qd3 Rd6 24. Nd2 g6 25. Nc4 Bxc4 26. Rxc4 Qf6 27. Rd1 Bg7 28. Rc8+ Rd8 29. Qc4 Rxc8 30. Qxc8+ Rf8 31. Qxb7 f4 32. Rd2 f3 33. Bf1 Qe5 34. Qb3+ Kh8 35. Rd3 Qe4 36. Qb5 Be5 37. Qxa5 h5 38. Rd1 Bg7 39. Bd3 Qe6 40. Re1 Qh3 41. Bf1 Qd7 42. Qa6 Rf6 43. Qa8+ Kh7 44. Qe4 Kh6 45. Rd1 Rf8 46. Rc1 Rf6 47. b4 Qa4 48. Qd3 g5 49. Rc5 h4 50. gxh4 gxh4 51. Qd2+ Kh7 52. Bd3+ Kh8 53. Qg5 Qe8 54. Qh5+ Qxh5 55. Rxh5+ Kg8 56. Rxh4 Rc6 57. Bh7+ Kf8 58. Rf4+ Ke7 59. Rxf3 Rc1+ 60. Kg2 Rc3 61. Rxc3 dxc3 62. a4 Kd6 63. a5 Kc6 64. Bd3 Bf8 65. b5+ Kc5 66. b6 Bd6 67. h4 Kd4 68. Bc2 Kc5 69. Kf3 Kb5 70. Ke2 Kxa5 71. b7 Kb6 72. Be4 Kc7 73. Kd3 Be5 74. h5 Bh8 75. f4 Bg7 76. Kc4 c2 77. Bxc2 Kxb7 78. Kd5 Kc7 79. Ke6 Kd8 80. Ba4 Bh6 81. f5 1-0

[Event "HUN-chT U18"]
[Site "Budapest"]
[Date "2021.10.27"]
[Round "7.15"]
[White "Bodrogi, Bendeguz"]
[Black "Kocsmar, Akos"]
[Result "1/2-1/2"]
[WhiteElo "2145"]
[BlackElo "1979"]
[PlyCount "42"]
[EventDate "2021.10.24"]
[EventType "team-tourn"]
[EventRounds "7"]
[EventCountry "HUN"]
[SourceTitle "CBM 205 Extra"]
[Source "ChessBase"]
[SourceDate "2022.01.31"]
[SourceVersion "1"]
[SourceVersionDate "2022.01.31"]
[SourceQuality "1"]

1. c4 e6 2. Nf3 d5 3. g3 Nf6 4. Bg2 dxc4 5. 0-0 Be7 6. Na3 0-0 7. Nxc4 Nbd7 8. b3 c5 9. Bb2 Qc7 10. d4 b5 11. Ne3 Bb7 12. a4 a6 13. Rc1 Qb6 14. Ba3 Rfe8 15. dxc5 Nxc5 16. a5 Qa7 17. Ne5 Bxg2 18. Nxg2 Rac8 19. Bb2 Qb7 20. Nf4 Red8 21. Nfd3 Qd5 1/2-1/2

[Event "HUN-chT U18"]
[Site "Budapest"]
[Date "2021.10.27"]
[Round "6.3"]
[White "Kocsmar, Akos"]
[Black "Geher, Koppany"]
[Result "1/2-1/2"]
[WhiteElo "1979"]
[BlackElo "2280"]
[PlyCount "99"]
[EventDate "2021.10.24"]
[EventType "team-tourn"]
[EventRounds "7"]
[EventCountry "HUN"]
[SourceTitle "CBM 205 Extra"]
[Source "ChessBase"]
[SourceDate "2022.01.31"]
[SourceVersion "1"]
[SourceVersionDate "2022.01.31"]
[SourceQuality "1"]

1. d4 Nf6 2. c4 g6 3. Nc3 d5 4. Nf3 Bg7 5. Bg5 Ne4 6. Bf4 Nxc3 7. bxc3 c5 8. e3 0-0 9. Be2 Nc6 10. 0-0 Bf5 11. Rc1 cxd4 12. cxd4 Rc8 13. Qa4 dxc4 14. Bxc4 a6 15. Qa3 Qa5 16. Qb3 b5 17. Bxf7+ Rxf7 18. Ng5 Nd8 19. Rxc8 Bxc8 20. Rc1 Bd7 21. h3 Bf6 22. Nxf7 Nxf7 23. Qd5 Qd8 24. Rc7 Bf5 25. Qxd8+ Nxd8 26. g4 Be6 27. d5 Bxd5 28. g5 Bg7 29. Rd7 Bxa2 30. Rxd8+ Kf7 31. e4 Bc4 32. Bd2 Ke6 33. Ra8 Bd4 34. Bb4 Ke5 35. Bxe7 Kxe4 36. Rxa6 Kf3 37. Rf6+ Bxf6 38. gxf6 Ke2 39. Kg2 Kd3 40. Kg3 Kc3 41. Kf4 h6 42. Bf8 b4 43. Bxh6 b3 44. f7 Bxf7 45. Bg7+ Kc2 46. Kg5 b2 47. Bxb2 Kxb2 48. f4 Kc3 49. f5 gxf5 50. Kxf5 1/2-1/2